000
00325nam a22001337a 4500
999
_c
13223
_d
13223
020
_a
9781337561914
082
_a
004
100
_a
G.Michael Schneider & Judith L.Gersting
245
_a
Invitation to Computer Science Volume 2
250
_a
8th Edition
260
_a
USA
_b
Cengage
_c
2019
300
_a
433 pages
942
_c
BK